Forschendes Entwerfen : Design-Based Research in der Hochschuldidaktik.

Bibliographic Details
Main Author: Reinmann, Gabi.
Other Authors: Herzberg, Dominikus., Brase, Alexa.
Format: eBook
Language:German
Published: Bielefeld : transcript Verlag, 2024.
Edition:1st ed.
Series:Zukunft der Hochschule Series
Subjects:
Online Access:Click to View
LEADER 03355nam a22004093i 4500
001 EBC31465797
003 MiAaPQ
005 20240729202206.0
006 m o d |
007 cr cnu||||||||
008 240729s2024 xx o ||||0 ger d
020 |a 9783839474242  |q (electronic bk.) 
020 |z 9783837674248 
035 |a (MiAaPQ)EBC31465797 
035 |a (Au-PeEL)EBL31465797 
035 |a (OCoLC)1439002658 
040 |a MiAaPQ  |b eng  |e rda  |e pn  |c MiAaPQ  |d MiAaPQ 
100 1 |a Reinmann, Gabi. 
245 1 0 |a Forschendes Entwerfen :  |b Design-Based Research in der Hochschuldidaktik. 
250 |a 1st ed. 
264 1 |a Bielefeld :  |b transcript Verlag,  |c 2024. 
264 4 |c ©2024. 
300 |a 1 online resource (165 pages) 
336 |a text  |b txt  |2 rdacontent 
337 |a computer  |b c  |2 rdamedia 
338 |a online resource  |b cr  |2 rdacarrier 
490 1 |a Zukunft der Hochschule Series 
505 0 |a Cover -- Inhaltsverzeichnis -- Vorwort -- 0 Einführung -- Motive für das Buch -- Ziele und Zielgruppe des Buches -- Aufbau und Machart des Buches -- 1 Ein Forschungsgenre auf der Basis von Design -- Design-Based Research in der Bildungsforschung -- Der Design-Begriff und Designwissenschaften -- Die Rolle des Designs in der Hochschuldidaktik -- Von designbasierter Lehrpraxis zur Forschungspraxis durch Design -- 2 Forschen durch Design in der Hochschuldidaktik -- Forschen in den Designwissenschaften -- Entwurfstheoretische Deutung von Forschung durch Design -- Ein Modell für Design-Based Research als Research Through Design -- Didaktische Interventionen als Design-Gegenstände -- 3 Begriffliches Instrumentarium für Forschendes Entwerfen -- Begriffe und Modelle als Instrumente -- Das Research Through Design-Modell als Deutungsrahmen -- Der instrumentelle Charakter von Submodellen -- 4 Grundlegendes Instrumentarium für Forschendes Entwerfen -- Heuristische Mittel zum Entwickeln praktischer Lösungen -- Heuristische Mittel zum Finden empirischer Einsichten -- Heuristische Mittel zum Bilden lokaler Theorien -- Heuristische Mittel zum Kooperieren mit Partnern -- 5 Optionales Instrumentarium für Forschendes Entwerfen -- Forschungsfünfeck -- Autoethnografie -- Gedankenexperiment -- Mapping -- Modell-Logbuch -- Metareflexion -- 6 Die wissenschaftliche Qualität Forschenden Entwerfens -- Die Frage nach der Wissenschaftlichkeit -- Forschungsethische Anforderungen -- 7 Kommunikation von Forschung durch Design -- Kommunikationsmöglichkeiten beim Forschenden Entwerfen -- Darstellungsweisen in der Kommunikation Forschenden Entwerfens -- Qualifikationsarbeiten zu Forschendem Entwerfen -- Literatur -- Anhang: Semantische Klärungen. 
588 |a Description based on publisher supplied metadata and other sources. 
590 |a Electronic reproduction. Ann Arbor, Michigan : ProQuest Ebook Central, 2024. Available via World Wide Web. Access may be limited to ProQuest Ebook Central affiliated libraries.  
655 4 |a Electronic books. 
700 1 |a Herzberg, Dominikus. 
700 1 |a Brase, Alexa. 
776 0 8 |i Print version:  |a Reinmann, Gabi  |t Forschendes Entwerfen  |d Bielefeld : transcript Verlag,c2024  |z 9783837674248 
797 2 |a ProQuest (Firm) 
830 0 |a Zukunft der Hochschule Series 
856 4 0 |u https://ebookcentral.proquest.com/lib/matrademy/detail.action?docID=31465797  |z Click to View